000 00643cam a2200241 a 4500
005 20260322212041.0
008 data
010 _a 97031860
020 _a1578590175
020 _a9781578590179
040 _aDLC
_cDLC
_dDLC
050 0 0 _aQB52
_b.E54 1998
082 0 0 _a520
_221
092 _a520.21 E54 1998
100 1 _aEngelbert, Phillis.
245 1 4 _aThe handy space answer book /
_cPhillis Engelbert & Diane L. Dupuis.
260 _aDetroit, MI :
_bVisible Ink,
_cc1998.
300 _axviii, 576 p. :
_bill. ;
_c24 cm.
500 _aIncludes index.
650 0 _aAstronomy
_xMiscellanea.
700 1 _aDupuis, Diane L.
001 data
999 _c958
_d958